ARRUPE JESUIT UNIVERSITY

CORONAVIRUS -STOP THE SPREAD - CLEAN,DISINFECT,COVER

The Popes and European revolution / (Record no. 119383)

MARC details
000 -LEADER
fixed length control field 01261cam a2200349 i 4500
001 - CONTROL NUMBER
control field 4191099
003 - CONTROL NUMBER IDENTIFIER
control field ARRUPE
005 - DATE AND TIME OF LATEST TRANSACTION
control field 20131219144751.0
008 - FIXED-LENGTH DATA ELEMENTS--GENERAL INFORMATION
fixed length control field 800918s1981 enk b 001 0 eng
010 ## - LIBRARY OF CONGRESS CONTROL NUMBER
LC control number 80040673
015 ## - NATIONAL BIBLIOGRAPHY NUMBER
National bibliography number GB80
020 ## - INTERNATIONAL STANDARD BOOK NUMBER
International Standard Book Number 0198269196 (Oxford University Press) :
Terms of availability £25.00
040 ## - CATALOGING SOURCE
Original cataloging agency DLC
Transcribing agency DLC
Modifying agency DLC
043 ## - GEOGRAPHIC AREA CODE
Geographic area code e------
050 00 - LIBRARY OF CONGRESS CALL NUMBER
Classification number BX1361
Item number .C45
082 00 - DEWEY DECIMAL CLASSIFICATION NUMBER
Classification number 262/.13/09033
Edition number 19
300 ## - PHYSICAL DESCRIPTION
Dimensions 25 cm.
100 1# - MAIN ENTRY--PERSONAL NAME
Personal name Chadwick, Owen.
9 (RLIN) 6060
245 14 - TITLE STATEMENT
Title The Popes and European revolution /
Statement of responsibility, etc Owen Chadwick.
260 ## - PUBLICATION, DISTRIBUTION, ETC. (IMPRINT)
Place of publication, distribution, etc Oxford :
Name of publisher, distributor, etc Clarendon Press ;
Place of publication, distribution, etc New York :
Name of publisher, distributor, etc Oxford University Press,
Date of publication, distribution, etc 1981.
300 ## - PHYSICAL DESCRIPTION
Extent ix, 646 p. ;
440 #0 - SERIES STATEMENT/ADDED ENTRY--TITLE
Title Oxford history of the Christian Church
9 (RLIN) 6061
500 ## - GENERAL NOTE
General note Includes index.
504 ## - BIBLIOGRAPHY, ETC. NOTE
Bibliography, etc Bibliography: p. [614]-631.
610 20 - SUBJECT ADDED ENTRY--CORPORATE NAME
Corporate name or jurisdiction name as entry element Catholic Church
Geographic subdivision Europe
General subdivision History.
9 (RLIN) 6062
650 #0 - SUBJECT ADDED ENTRY--TOPICAL TERM
Topical term or geographic name as entry element Papacy
General subdivision History
Chronological subdivision 1566-1799.
9 (RLIN) 6063
650 #0 - SUBJECT ADDED ENTRY--TOPICAL TERM
Topical term or geographic name as entry element Papacy
General subdivision History
Chronological subdivision 19th century.
9 (RLIN) 6064
651 #0 - SUBJECT ADDED ENTRY--GEOGRAPHIC NAME
Geographic name Europe
General subdivision Politics and government
Chronological subdivision 18th century.
9 (RLIN) 6065
651 #0 - SUBJECT ADDED ENTRY--GEOGRAPHIC NAME
Geographic name Europe
General subdivision Politics and government
Chronological subdivision 1789-1900.
9 (RLIN) 6066
856 42 - ELECTRONIC LOCATION AND ACCESS
Materials specified Publisher description
Uniform Resource Identifier <a href="http://www.loc.gov/catdir/enhancements/fy0606/80040673-d.html">http://www.loc.gov/catdir/enhancements/fy0606/80040673-d.html</a>
906 ## - LOCAL DATA ELEMENT F, LDF (RLIN)
a 7
b cbc
c orignew
d u
e ocip
f 19
g y-gencatlg
942 ## - ADDED ENTRY ELEMENTS (KOHA)
Source of classification or shelving scheme Library of Congress Classification
Koha item type Monograph ( Printed materials)
Holdings
Withdrawn status Lost status Source of classification or shelving scheme Damaged status Not for loan Home library Current library Date acquired Total Checkouts Full call number Barcode Date last seen Price effective from Koha item type
    Library of Congress Classification     ARRUPE LIBRARY ARRUPE LIBRARY 19/12/2013   BX1361 .C45 464123326 22/11/2017 19/12/2013 Monograph ( Printed materials)

 

Arrupe Library. PO Box MP320 Mt Pleasant, Harare, Zimbabwe
263 242 745411|librarian@aju.ac.zw